000 00219nam a2200085Ia 4500
245 0 _aBright light
100 _a JENNINGS, Terry J. London, 2009
_976061
942 _cBK
008 210817s9999 xx 000 0 und d
999 _c292185
_d292183